000 01319nam a22003857a 4500
003 CHAP
005 20220329141439.0
008 971013s1988 r 00010 d
010 _a68263
011 _a69235
035 _a78711
040 _cCHAP
090 _aTesis
100 0 0 _aGarcía Nieto, Hilario.
_946373
245 _aZonificación agroecológica de los principales cultivos bajo riego en el estado de Guanajuato
260 _aMontecillo, Méx. :
_bEl autor,
_c1988
300 _a160 h.
500 _a27-148
502 _aTesis (Maestro en Ciencias esp. en Edafología). -- CP. Centro de Edafología
590 _aALEPH
_b10
_c20130110
_lUCH01
_h1404
590 _aBATCH-UPD
_b10
_c20130110
_lUCH01
_h0147
590 _aBATCH-UPD
_b10
_c20130110
_lUCH01
_h1958
590 _aBATCH-UPD
_b10
_c20130409
_lUCH01
_h2147
590 _aBATCH-UPD
_b10
_c20130410
_lUCH01
_h1319
590 _aBATCH-UPD
_b10
_c20130913
_lUCH01
_h2131
590 _aCONVERSION
_b10
_c20130109
_lUCH01
_h1338
650 1 4 _aAgricultura
_zGuanajuato.
_91927
650 1 4 _aCultivos
_xGuanajuato.
_930278
650 1 4 _aEcología agrícola.
_935165
650 1 4 _aIrrigación
_xGuanajuato.
_960412
901 _aBK
942 _cFOLL
949 _bBC
_cTES
_d-31586
_eTS1
_h20559
_i78711
_si
949 _bBC
_cTES
_d-93539
_eTS2
_fc.2
_h20560
_i78711
_si
999 _c68263
_d68263